| 000 | 00694nam a2200217Ia 4500 | ||
|---|---|---|---|
| 003 | OSt | ||
| 005 | 20230418144411.0 | ||
| 008 | 210423s1996 xx 000 0 und d | ||
| 020 | _a0-912917-47-4 | ||
| 040 | _cAL | ||
| 041 | _aeng | ||
| 082 |
_a305.43 _223 _bUNIG |
||
| 100 |
_aUNITED NATIONS _990084 |
||
| 245 | _aGlobal trading practices and poverty alleviation in South asia: regional perspectives on women and trade | ||
| 260 |
_aNew Delhi _bUnited Nations _c1996 |
||
| 300 |
_a285 _bPB |
||
| 365 | _cINR | ||
| 650 |
_aWomen Studies _990085 |
||
| 906 | _aalleviation ; asia:regional ; Global ; perspectives ; poverty ; practices ; South ; trade ; trading ; women | ||
| 942 |
_2ddc _cBK |
||
| 999 |
_c170060 _d170060 |
||